[Event "XXI Weekend C"]
[Site "Ceriano Laghetto ITA"]
[Date "2012.03.??"]
[Round "1"]
[White "Di Napoli, Matteo"]
[Black "Sala, Pierluigi"]
[WhiteElo "1572"]
[BlackElo "1440"]
[Result "1-0"]
[PlyCount "99"]
[EventDate "2012.03.23"]

1. d4 d5 2. c4 e6 3. Nc3 Nf6 4. cxd5 exd5 5. Bg5 Be7 6. e3 c6 7. Qc2 Nbd7 8.
Bd3 O-O 9. Nge2 c5 10. dxc5 Nxc5 11. Bxf6 Nxd3+ 12. Qxd3 Bxf6 13. Rd1 Be6 14.
Nf4 Bxc3+ 15. Qxc3 Rc8 16. Qd2 Qc7 17. Nxe6 fxe6 18. O-O Qc2 19. g3 Qxd2 20.
Rxd2 Rc6 21. f4 Rfc8 22. Rff2 g6 23. Rfe2 Rc4 24. Kf2 Kf7 25. Kf3 Rd8 26. Rc2
Rdc8 27. Rxc4 Rxc4 28. b3 Rc3 29. g4 Kf6 30. Kf2 b5 31. Ke1 b4 32. Kd2 a5 33.
h4 Rc7 34. e4 d4 35. e5+ Ke7 36. Re4 Rd7 37. Kd3 Rc7 38. Rxd4 Rc1 39. Rc4 Rd1+
40. Kc2 Rd5 41. Rc7+ Rd7 42. Rxd7+ Kxd7 43. Kd3 Kc6 44. Kc4 h6 45. h5 gxh5 46.
gxh5 Kb6 47. Kd4 Kc6 48. Ke4 Kb5 49. f5 a4 50. f6 1-0

[Event "XXI Weekend C"]
[Site "Ceriano Laghetto ITA"]
[Date "2012.03.??"]
[Round "1"]
[White "Esposito, Marco F."]
[Black "Vergano, Riccardo"]
[WhiteElo "1515"]
[BlackElo "1393"]
[Result "1-0"]
[PlyCount "41"]
[EventDate "2012.03.23"]

1. e4 c5 2. d4 cxd4 3. c3 dxc3 4. Nxc3 d6 5. Bc4 Nf6 6. e5 Ng8 7. Nf3 Nc6 8.
O-O Bg4 9. Bxf7+ Kd7 10. exd6 exd6 11. Qb3 Rb8 12. Bxg8 Bxf3 13. Be6+ Kc7 14.
gxf3 b6 15. Be3 Kb7 16. Rac1 Qf6 17. Bd5 Rc8 18. Na4 Qd8 19. Nc3 a6 20. Ne2 Qe8
21. Qxb6+ 1-0

[Event "XXI Weekend C"]
[Site "Ceriano Laghetto ITA"]
[Date "2012.03.??"]
[Round "1"]
[White "Fantina, Carla"]
[Black "Marchesotti, Giovanni"]
[WhiteElo "1458"]
[BlackElo "1572"]
[Result "1/2-1/2"]
[PlyCount "58"]
[EventDate "2012.03.23"]

1. c4 e6 2. Nc3 Nf6 3. g3 d5 4. cxd5 exd5 5. d4 Be7 6. Bg2 c6 7. Nf3 Bf5 8. O-O
O-O 9. Nh4 Be6 10. h3 Nfd7 11. Nf3 Na6 12. Kh2 Nc7 13. Re1 f5 14. Bf4 g5 15.
Bxc7 Qxc7 16. Rc1 Qd6 17. Na4 g4 18. Ng1 f4 19. hxg4 fxg3+ 20. fxg3 Bxg4 21.
Nf3 Qh6+ 22. Kg1 Qe3+ 23. Kh2 Rf6 24. Qd3 Qxd3 25. exd3 Bb4 26. Rf1 Raf8 27.
Ng5 Rxf1 28. Rxf1 Rxf1 29. Bxf1 Bd6 1/2-1/2

[Event "XXI Weekend C"]
[Site "Ceriano Laghetto ITA"]
[Date "2012.03.??"]
[Round "1"]
[White "Kiszka Jean, Marc"]
[Black "Nipote, Mario"]
[WhiteElo "1377"]
[BlackElo "1504"]
[Result "1/2-1/2"]
[PlyCount "94"]
[EventDate "2012.03.23"]

1. c4 c6 2. Nc3 d5 3. cxd5 cxd5 4. Nf3 Nc6 5. g3 e6 6. Bg2 Nf6 7. d4 Be7 8. Bf4
a6 9. a3 O-O 10. O-O b5 11. Qc2 Bb7 12. b4 Qb6 13. Rfd1 Rac8 14. Qd2 Rfd8 15.
Ne5 Bd6 16. Nxc6 Bxf4 17. Qxf4 Rxc6 18. Qd2 Rdc8 19. Rac1 a5 20. e3 axb4 21.
axb4 Qc7 22. Na2 Ne4 23. Bxe4 dxe4 24. Rxc6 Qxc6 25. Rc1 Qd7 26. Rxc8+ Qxc8 27.
Qc3 Qxc3 28. Nxc3 Bc6 29. Kf1 g5 30. h3 f5 31. Kg2 Kg7 32. h4 Kg6 33. hxg5 Kxg5
34. Ne2 Bd5 35. Nf4 Bc4 36. f3 h5 37. Nh3+ Kh6 38. f4 Kg6 39. Ng5 Kf6 40. Nh7+
Ke7 41. Ng5 Kd6 42. Kf2 Kd5 43. Nf7 Bd3 44. Ne5 Bc4 45. Ke1 Bd3 46. Kd2 Bf1 47.
Ke1 Bd3 1/2-1/2

[Event "XXI Weekend C"]
[Site "Ceriano Laghetto ITA"]
[Date "2012.03.??"]
[Round "1"]
[White "Ossoli, Giuseppe"]
[Black "Vuckovic, Dimitrije"]
[WhiteElo "1485"]
[BlackElo "1572"]
[Result "0-1"]
[PlyCount "131"]
[EventDate "2012.03.23"]

1. e4 c5 2. Nc3 d6 3. d3 Nf6 4. g3 Nc6 5. Bg2 g6 6. f4 Bg7 7. Nf3 O-O 8. O-O
Bg4 9. h3 Bc8 10. Be3 Qb6 11. Rb1 Qa5 12. a3 b5 13. Bd2 Qb6 14. Kh2 Bb7 15. Be3
a6 16. Qd2 Qc7 17. f5 e5 18. fxg6 fxg6 19. Ng5 Bc8 20. g4 h6 21. Nf3 g5 22. Na2
Be6 23. Nc3 Rac8 24. Ne2 Nd4 25. Ng3 c4 26. Nxd4 exd4 27. Bxd4 Nxg4+ 28. hxg4
Bxd4 29. Nf5 Bxf5 30. gxf5 Rf6 31. Rf3 g4 32. Rff1 Qg7 33. c3 Be5+ 34. Kg1 cxd3
35. Qxd3 Kh8 36. Qe3 Qf7 37. Kf2 g3+ 38. Ke2 Qh5+ 39. Qf3 Qg5 40. Rh1 Qg7 41.
Rh5 Rg8 42. Rbh1 Kh7 43. Qe3 Qg4+ 44. Bf3 Qf4 45. Bg2 Qxe3+ 46. Kxe3 a5 47. Rd1
Rc8 48. Rd5 Rb8 49. Kd3 a4 50. Rh1 Rf7 51. Kc2 Rg7 52. Kb1 Rg4 53. Rd2 Rc8 54.
Rc2 Rc4 55. Rd2 Kg7 56. Rd5 Rc5 57. Rd2 Bf4 58. Rdd1 Kf6 59. Rhf1 Rh4 60. Rf3
Be5 61. Rg1 h5 62. Rd3 Rf4 63. Bf3 h4 64. Rh1 Rc7 65. Rd2 Rxf3 66. Rg2 0-1

[Event "XXI Weekend C"]
[Site "Ceriano Laghetto ITA"]
[Date "2012.03.??"]
[Round "1"]
[White "Puppi, Simone"]
[Black "Lamera, Giuseppe"]
[WhiteElo "1588"]
[BlackElo "1463"]
[Result "0-1"]
[PlyCount "115"]
[EventDate "2012.03.23"]

1. e4 d6 2. Nf3 Nf6 3. Nc3 c6 4. d4 Qa5 5. Bd2 Qb6 6. Na4 Qc7 7. Bd3 b5 8. Nc3
Qb6 9. Be3 Ng4 10. Qe2 Nxe3 11. Qxe3 Nd7 12. O-O e5 13. d5 Qxe3 14. fxe3 b4 15.
dxc6 bxc3 16. cxd7+ Bxd7 17. bxc3 Rb8 18. Ng5 f6 19. Nf3 Be7 20. Bc4 Bb5 21.
Nd2 Kd7 22. Rfb1 Bxc4 23. Nxc4 Kc7 24. Rb3 Rhc8 25. Na5 Rb6 26. Rab1 Rcb8 27.
Nc4 R6b7 28. a4 Bd8 29. Rxb7+ Rxb7 30. Rxb7+ Kxb7 31. Nxd6+ Kc6 32. Nb5 Bb6 33.
Kf2 a6 34. Na3 Ba5 35. Nb1 Kc5 36. Ke2 Bc7 37. Kd3 Ba5 38. Nd2 Bc7 39. Nb3+ Kd6
40. a5 Bb8 41. Nd2 Kc5 42. Nb3+ Kd6 43. c4 Ba7 44. Ke2 h5 45. Kf3 Bc5 46. h3
Kc6 47. Ke2 Kd6 48. Kd3 Kc6 49. Kc3 Kd6 50. Nxc5 Kxc5 51. Kb3 Kc6 52. Kb4 Kd6
53. c3 Kc6 54. c5 Kd7 55. Kc4 Ke6 56. c6 Kd6 57. c7 Kxc7 58. Kd5 0-1

[Event "XXI Weekend C"]
[Site "Ceriano Laghetto ITA"]
[Date "2012.03.??"]
[Round "1"]
[White "Rokic, Petar"]
[Black "Agustoni, Alessandro"]
[WhiteElo "1443"]
[BlackElo "1515"]
[Result "0-1"]
[PlyCount "80"]
[EventDate "2012.03.23"]

1. d4 e6 2. c4 f5 3. g3 Nf6 4. Bg2 d5 5. Nc3 c6 6. cxd5 exd5 7. Bf4 Be7 8. e3
O-O 9. Nf3 Bd7 10. O-O Be8 11. Qc2 Ne4 12. Nxe4 fxe4 13. Nd2 Nd7 14. g4 Nf6 15.
h3 h5 16. g5 Nd7 17. h4 Rf7 18. Qd1 g6 19. Bh3 Nf8 20. Nb3 Bd7 21. Bxd7 Qxd7
22. Kg2 Ne6 23. Bg3 Ng7 24. Bf4 Nf5 25. Rh1 Bd6 26. Nc5 Bxc5 27. dxc5 Ng7 28.
b4 Ne6 29. Bg3 Rf3 30. Qe2 Raf8 31. Rad1 Ng7 32. Bf4 Qg4+ 33. Kf1 Nf5 34. Ke1
Nxh4 35. Kd2 R8xf4 36. exf4 Qxf4+ 37. Ke1 Qxg5 38. a4 Ng2+ 39. Kf1 Nf4 40. Qd2
Qg2+ 0-1

[Event "XXI Weekend C"]
[Site "Ceriano Laghetto ITA"]
[Date "2012.03.??"]
[Round "2"]
[White "Agustoni, Alessandro"]
[Black "Di Napoli, Matteo"]
[WhiteElo "1515"]
[BlackElo "1572"]
[Result "0-1"]
[PlyCount "38"]
[EventDate "2012.03.23"]

1. d4 d5 2. Nf3 Nf6 3. c4 c6 4. g3 Bf5 5. Bg2 Nbd7 6. b3 e6 7. O-O Be7 8. Nc3
O-O 9. Bb2 Rc8 10. Nd2 c5 11. dxc5 Nxc5 12. cxd5 exd5 13. Nf3 Rc7 14. Nd4 Bg6
15. Ncb5 Rd7 16. Nxa7 Qb6 17. Nab5 Ne6 18. e3 Nxd4 19. Nxd4 Ne4 0-1

[Event "XXI Weekend C"]
[Site "Ceriano Laghetto ITA"]
[Date "2012.03.??"]
[Round "2"]
[White "Ciochetta, Giovanni"]
[Black "Gonella, Graziano"]
[WhiteElo "1550"]
[BlackElo "1231"]
[Result "1-0"]
[PlyCount "57"]
[EventDate "2012.03.23"]

1. e4 g6 2. d4 d6 3. Be3 Nf6 4. Nc3 Bg7 5. Qd2 O-O 6. O-O-O Nbd7 7. h3 e5 8.
dxe5 Nxe5 9. b3 Qe7 10. f4 Ned7 11. Bd3 a6 12. Nf3 Rd8 13. Rhe1 Nc5 14. Bxc5
dxc5 15. Qf2 Qf8 16. e5 Nd5 17. Nxd5 Rxd5 18. c4 Rd8 19. g4 Re8 20. Qg2 Rb8 21.
h4 b6 22. f5 Bb7 23. f6 Bxf3 24. Qxf3 Bh8 25. Qf4 b5 26. Rg1 c6 27. h5 Red8 28.
hxg6 Rd4 29. gxh7# 1-0

[Event "XXI Weekend C"]
[Site "Ceriano Laghetto ITA"]
[Date "2012.03.??"]
[Round "2"]
[White "Lamera, Giuseppe"]
[Black "Palermiti, Francesco"]
[WhiteElo "1463"]
[BlackElo "1545"]
[Result "0-1"]
[PlyCount "71"]
[EventDate "2012.03.23"]

1. e4 c5 2. Nf3 d6 3. d4 cxd4 4. Nxd4 Nf6 5. Nc3 a6 6. Bc4 e6 7. Nf3 b5 8. Bb3
Bb7 9. e5 Nfd7 10. Bg5 Qc7 11. Qe2 dxe5 12. a3 Nc6 13. Be3 Be7 14. Ng5 O-O 15.
Qh5 Nf6 16. Qh3 Nd4 17. Bxd4 exd4 18. Ne2 Qa5+ 19. c3 dxc3 20. Nxc3 b4 21. Bc2
Qxg5 22. axb4 Bxb4 23. O-O Rad8 24. Na2 Bc5 25. b4 Bb6 26. Bd1 Rd7 27. Nc1
Bxf2+ 28. Rxf2 Rxd1+ 29. Rf1 Rxf1+ 30. Kxf1 Rd8 31. Ne2 Qf5+ 32. Qxf5 exf5 33.
g3 Nd5 34. Rb1 Bc6 35. Kf2 Rb8 36. Rc1 0-1

[Event "XXI Weekend C"]
[Site "Ceriano Laghetto ITA"]
[Date "2012.03.??"]
[Round "2"]
[White "Marchesotti, Giovanni"]
[Black "Kiszka Jean, Marc"]
[WhiteElo "1572"]
[BlackElo "1377"]
[Result "1-0"]
[PlyCount "79"]
[EventDate "2012.03.23"]

1. b3 d5 2. Bb2 Nf6 3. e3 g6 4. Be2 Bg7 5. f4 Bf5 6. Nf3 O-O 7. O-O c6 8. Nh4
Bc8 9. a4 e6 10. Nf3 Nbd7 11. Ne5 Nxe5 12. Bxe5 b6 13. Nc3 Nd7 14. Bxg7 Kxg7
15. d4 Nf6 16. Bf3 Bd7 17. Ne2 a5 18. c4 Qe7 19. Qd2 Rab8 20. Rab1 Rfe8 21.
Rfc1 Rec8 22. Qd3 b5 23. c5 Rb7 24. axb5 Rxb5 25. Nc3 Rb7 26. Na4 Rcb8 27. Nb6
Ne8 28. Qa6 Nf6 29. Qxa5 Ne4 30. Bxe4 dxe4 31. Qd2 h5 32. Ra1 Be8 33. Ra5 f6
34. Rca1 Qd8 35. Ra8 Kh6 36. Rxb8 Rxb8 37. Ra7 g5 38. fxg5+ fxg5 39. Qf2 Kg6
40. Qf8 1-0

[Event "XXI Weekend C"]
[Site "Ceriano Laghetto ITA"]
[Date "2012.03.??"]
[Round "2"]
[White "Nipote, Mario"]
[Black "Fantina, Carla"]
[WhiteElo "1504"]
[BlackElo "1458"]
[Result "1-0"]
[PlyCount "117"]
[EventDate "2012.03.23"]

1. d4 Nf6 2. c4 g6 3. Nc3 Bg7 4. Nf3 O-O 5. e4 d6 6. Be2 Nbd7 7. O-O e5 8. h3
exd4 9. Nxd4 Nc5 10. Bf3 c6 11. b4 Ne6 12. Be3 Re8 13. Qc2 Nxd4 14. Bxd4 Be6
15. Qd3 d5 16. cxd5 cxd5 17. Rfd1 dxe4 18. Nxe4 Bf5 19. Nxf6+ Bxf6 20. Qd2 Be4
21. Bxe4 Rxe4 22. Bxf6 Qxf6 23. Rac1 Qb6 24. Qb2 Rae8 25. Qc3 Rxb4 26. Rd7 Rb2
27. Qf3 Qe6 28. Rcd1 Rxa2 29. Rxb7 a5 30. Rdd7 Ra1+ 31. Kh2 Qe5+ 32. g3 Qf5 33.
Qxf5 gxf5 34. Rxf7 Re2 35. Rxf5 Raa2 36. Kg2 a4 37. Ra7 Re4 38. Rd5 Re8 39. Rd4
a3 40. Rd3 Rf8 41. Rf3 Rxf3 42. Kxf3 h6 43. Ke3 h5 44. h4 Kf8 45. f4 Rg2 46.
Kf3 Ra2 47. Ke4 Re2+ 48. Kf5 a2 49. Kf6 Ke8 50. Kg5 Kd8 51. Kxh5 Kc8 52. g4 Kb8
53. Ra3 Kb7 54. f5 Kc6 55. g5 Kd6 56. f6 Ke6 57. Kg6 Kd5 58. f7 Ke4 59. f8=Q
1-0

[Event "XXI Weekend C"]
[Site "Ceriano Laghetto ITA"]
[Date "2012.03.??"]
[Round "2"]
[White "Sala, Pierluigi"]
[Black "Rokic, Petar"]
[WhiteElo "1440"]
[BlackElo "1443"]
[Result "1-0"]
[PlyCount "45"]
[EventDate "2012.03.23"]

1. d4 d5 2. Nf3 c5 3. e3 Bg4 4. Be2 Nc6 5. O-O e6 6. c4 Nf6 7. Nc3 dxc4 8. Nd2
Bxe2 9. Qxe2 cxd4 10. exd4 Qxd4 11. Nb5 Qd7 12. Nxc4 Bc5 13. Bf4 O-O 14. Rfd1
Nd5 15. Qg4 f5 16. Qg3 a6 17. Nc3 b5 18. Ne3 Nd4 19. Nexd5 exd5 20. Qd3 Rfe8
21. Be3 Ne6 22. Nxd5 Rad8 23. Nf6+ 1-0

[Event "XXI Weekend C"]
[Site "Ceriano Laghetto ITA"]
[Date "2012.03.??"]
[Round "2"]
[White "Vergano, Riccardo"]
[Black "Ossoli, Giuseppe"]
[WhiteElo "1393"]
[BlackElo "1485"]
[Result "1-0"]
[PlyCount "130"]
[EventDate "2012.03.23"]

1. d4 e6 2. c4 d5 3. Nf3 Nf6 4. Bg5 Be7 5. e3 h6 6. Bh4 O-O 7. Bd3 c5 8. Nc3 a6
9. O-O Nc6 10. Be2 Bd7 11. Bxf6 Bxf6 12. cxd5 exd5 13. Nxd5 cxd4 14. exd4 Bf5
15. Bc4 b5 16. Bb3 Be4 17. Nxf6+ Qxf6 18. Nd2 Qxd4 19. Nxe4 Qxe4 20. Bd5 Qe8
21. Qc2 Nb4 22. Qb3 Nxd5 23. Qxd5 Qe2 24. Qd4 Rfd8 25. Qc3 Rdc8 26. Qb4 Rc4 27.
Qa3 a5 28. Qb3 Rb4 29. Qd5 Re8 30. b3 Rbe4 31. Rad1 R4e5 32. Qd2 b4 33. f4 R5e6
34. Rf2 Qxd2 35. Rfxd2 f6 36. h3 Re1+ 37. Rxe1 Rxe1+ 38. Kf2 Re6 39. Rd5 Ra6
40. Kf3 a4 41. Rb5 axb3 42. axb3 Ra3 43. Rxb4 Kf7 44. g4 g5 45. f5 Ra1 46. Rb7+
Kg8 47. Kg2 Ra2+ 48. Kf3 Rc2 49. b4 Rc3+ 50. Kg2 Rc2+ 51. Kf1 Rc1+ 52. Ke2 Rc3
53. Rb6 Kf7 54. Rb7+ Kg8 55. Kf2 Rxh3 56. b5 Rb3 57. b6 Rb2+ 58. Kf3 Rb3+ 59.
Kf2 Rb2+ 60. Ke3 Rb3+ 61. Kd4 Rb4+ 62. Kd5 Rxg4 63. Ke6 Re4+ 64. Kxf6 g4 65.
Kg6 g3 1-0

[Event "XXI Weekend C"]
[Site "Ceriano Laghetto ITA"]
[Date "2012.03.??"]
[Round "2"]
[White "Vuckovic, Dimitrije"]
[Black "Esposito, Marco F."]
[WhiteElo "1572"]
[BlackElo "1515"]
[Result "0-1"]
[PlyCount "84"]
[EventDate "2012.03.23"]

1. Nf3 d5 2. c4 c6 3. d4 Bf5 4. Nc3 e6 5. e3 Nf6 6. Nh4 Bg4 7. Nf3 Nbd7 8. Bd3
e5 9. dxe5 Nxe5 10. Be2 Nxc4 11. Bxc4 dxc4 12. h3 Qxd1+ 13. Nxd1 Bf5 14. Ne5
Bd3 15. a3 Bd6 16. Nxd3 cxd3 17. O-O Rd8 18. Nc3 Be5 19. Rd1 O-O 20. Rd2 c5 21.
f4 Bxc3 22. bxc3 Ne4 23. Rb1 b6 24. c4 Nc3 25. Ra1 Ne2+ 26. Kf2 Nc3 27. Kf3 f5
28. g4 g6 29. gxf5 gxf5 30. Rg2+ Kf7 31. Bb2 d2 32. Bxc3 d1=Q+ 33. Rxd1 Rxd1
34. Rd2 Rd8 35. Ke2 R8xd2+ 36. Bxd2 Rh1 37. a4 Rxh3 38. a5 Rh2+ 39. Kd3 Rxd2+
40. Kxd2 bxa5 41. Kc3 h5 42. Kb3 h4 0-1

[Event "XXI Weekend C"]
[Site "Ceriano Laghetto ITA"]
[Date "2012.03.??"]
[Round "3"]
[White "Di Napoli, Matteo"]
[Black "Ciochetta, Giovanni"]
[WhiteElo "1572"]
[BlackElo "1550"]
[Result "1-0"]
[PlyCount "69"]
[EventDate "2012.03.23"]

1. d4 Nf6 2. c4 g6 3. Nc3 Bg7 4. e4 d6 5. f3 O-O 6. Be3 c6 7. Qd2 Re8 8. Bd3 e5
9. d5 c5 10. Nge2 Bd7 11. Nb5 Bxb5 12. cxb5 b6 13. b3 Nbd7 14. a4 Bf8 15. Bc4
Be7 16. g4 Kh8 17. h4 Ng8 18. g5 Rf8 19. h5 Qe8 20. Ng3 f5 21. hxg6 Qxg6 22.
Nxf5 Rf7 23. O-O-O Bf8 24. Rh3 Ne7 25. Bd3 Qg8 26. Nxd6 Rg7 27. Nf5 Nxf5 28.
exf5 c4 29. Bxc4 Rc8 30. Kb1 Bc5 31. Rdh1 Bxe3 32. Qxe3 Qf7 33. g6 Qe7 34.
Rxh7+ Rxh7 35. Rxh7+ 1-0

[Event "XXI Weekend C"]
[Site "Ceriano Laghetto ITA"]
[Date "2012.03.??"]
[Round "3"]
[White "Fantina, Carla"]
[Black "Vergano, Riccardo"]
[WhiteElo "1458"]
[BlackElo "1393"]
[Result "0-1"]
[PlyCount "88"]
[EventDate "2012.03.23"]

1. c4 e5 2. Nc3 f5 3. e3 Nf6 4. Nf3 d6 5. d3 Be7 6. g3 O-O 7. Bg2 Nc6 8. O-O
Ne8 9. Nd5 Bg5 10. Nxg5 Qxg5 11. Nc3 Nf6 12. e4 Qg6 13. f4 fxe4 14. dxe4 Bg4
15. Qd2 Nd4 16. f5 Qh5 17. Qg5 Bf3 18. Qxh5 Bxh5 19. h3 Ne2+ 20. Nxe2 Bxe2 21.
Rf2 Bxc4 22. b3 Bb5 23. a4 Bc6 24. Ba3 Nxe4 25. Bxe4 Bxe4 26. g4 Rfd8 27. Bb2
c5 28. Rd1 Bc6 29. f6 gxf6 30. Rxf6 Kg7 31. Rfxd6 Re8 32. Re1 Kf7 33. Rh6 Kg8
34. Rxe5 Rxe5 35. Bxe5 Re8 36. Bc3 Re3 37. Bd2 Rxb3 38. Rh5 b6 39. Be1 Bxa4 40.
Rg5+ Kf7 41. h4 a6 42. h5 Bd7 43. h6 Rb1 44. Kf2 Bc8 0-1

[Event "XXI Weekend C"]
[Site "Ceriano Laghetto ITA"]
[Date "2012.03.??"]
[Round "3"]
[White "Gonella, Graziano"]
[Black "Agustoni, Alessandro"]
[WhiteElo "1231"]
[BlackElo "1515"]
[Result "0-1"]
[PlyCount "98"]
[EventDate "2012.03.23"]

1. c4 e6 2. e4 c5 3. Nc3 Nf6 4. Nf3 d6 5. d4 Be7 6. e5 dxe5 7. dxe5 Qxd1+ 8.
Nxd1 Nfd7 9. Bg5 Bxg5 10. Nxg5 Nxe5 11. f4 Nec6 12. Ne4 Nd7 13. Nd6+ Ke7 14.
Nb5 b6 15. a3 Bb7 16. Ne3 Rad8 17. Rd1 Nf6 18. Be2 a6 19. Nc3 Rxd1+ 20. Ncxd1
Nd4 21. Bd3 Rd8 22. O-O h6 23. f5 e5 24. Bb1 Nb3 25. Rf2 Ne4 26. Bxe4 Bxe4 27.
Nc3 Bc6 28. Ncd5+ Bxd5 29. Nxd5+ Kd6 30. Rf1 Kc6 31. Rd1 Nd4 32. b4 Rd7 33. f6
gxf6 34. Nxf6 Nf3+ 35. gxf3 Rxd1+ 36. Kg2 cxb4 37. axb4 Rd4 38. b5+ axb5 39.
cxb5+ Kxb5 40. Ne4 Rxe4 41. fxe4 Kc4 42. Kf2 Kd3 43. Kf3 b5 44. h4 h5 45. Kf2
Kd2 46. Kf3 b4 47. Kf2 b3 48. Kf3 b2 49. Kf2 b1=Q 0-1

[Event "XXI Weekend C"]
[Site "Ceriano Laghetto ITA"]
[Date "2012.03.??"]
[Round "3"]
[White "Ossoli, Giuseppe"]
[Black "Kiszka Jean, Marc"]
[WhiteElo "1485"]
[BlackElo "1377"]
[Result "1/2-1/2"]
[PlyCount "109"]
[EventDate "2012.03.23"]

1. e4 c5 2. Nc3 Nc6 3. d3 Nf6 4. g3 d6 5. Bg2 e6 6. f4 Bd7 7. Nf3 Qc7 8. O-O a6
9. h3 Be7 10. Be3 O-O 11. Qd2 Rad8 12. a3 b5 13. Ne2 e5 14. f5 d5 15. exd5 Nxd5
16. g4 Nxe3 17. Qxe3 Rde8 18. Kh1 Nd4 19. Qd2 Nxf3 20. Bxf3 Bc6 21. Be4 Rd8 22.
Qe3 Bxe4+ 23. Qxe4 Rc8 24. Nc3 Rfd8 25. Nd5 Qd6 26. Nxe7+ Qxe7 27. Rae1 Re8 28.
Re2 f6 29. Kh2 Qd7 30. Qg2 Qc6 31. Rg1 Qxg2+ 32. Rgxg2 Re7 33. g5 Rc6 34. h4
Kh8 35. h5 fxg5 36. Rxg5 Rf6 37. Reg2 h6 38. Rg6 Rxf5 39. Rxa6 Rxh5+ 40. Kg1 e4
41. dxe4 Rxe4 42. Ra7 Rg5 43. Rb7 Rxg2+ 44. Kxg2 Re2+ 45. Kg3 Rxc2 46. Rxb5 c4
47. a4 Rc1 48. Rc5 Rc2 49. a5 Rxb2 50. Rxc4 Rb8 51. a6 Ra8 52. Rc6 Kh7 53. Kg4
Kg8 54. Kh5 Kf7 55. Kg4 1/2-1/2

[Event "XXI Weekend C"]
[Site "Ceriano Laghetto ITA"]
[Date "2012.03.??"]
[Round "3"]
[White "Palermiti, Francesco"]
[Black "Marchesotti, Giovanni"]
[WhiteElo "1545"]
[BlackElo "1572"]
[Result "1/2-1/2"]
[PlyCount "40"]
[EventDate "2012.03.23"]

1. d4 Nf6 2. Nf3 b6 3. e3 Bb7 4. Bd3 e6 5. Nbd2 d5 6. O-O Be7 7. b3 O-O 8. Bb2
Nbd7 9. Ne5 Nxe5 10. dxe5 Ne4 11. f3 Nxd2 12. Qxd2 f5 13. Kh1 c5 14. Qe2 Qe8
15. c4 Rd8 16. Rad1 dxc4 17. Bxc4 Bd5 18. Bxd5 exd5 19. f4 Qc6 20. Qf3 Qe6
1/2-1/2

[Event "XXI Weekend C"]
[Site "Ceriano Laghetto ITA"]
[Date "2012.03.??"]
[Round "3"]
[White "Puppi, Simone"]
[Black "Nipote, Mario"]
[WhiteElo "1588"]
[BlackElo "1504"]
[Result "1-0"]
[PlyCount "85"]
[EventDate "2012.03.23"]

1. e4 c6 2. d4 d5 3. exd5 cxd5 4. Nf3 Nc6 5. c4 e6 6. cxd5 exd5 7. Bb5 a6 8.
Ba4 Bd7 9. O-O Nf6 10. Re1+ Be7 11. Qe2 b5 12. Bb3 O-O 13. Nc3 Bg4 14. Be3 Re8
15. a3 Bf8 16. h3 Bh5 17. Qd1 Na5 18. Bc2 Nc4 19. Rb1 Nxe3 20. Rxe3 Rc8 21. Qd2
Rc7 22. Rbe1 Rce7 23. Ne5 Qc7 24. Qd3 Bg6 25. Qe2 Bxc2 26. Qxc2 Re6 27. Qf5 h6
28. Qf3 Bd6 29. Nxd5 Nxd5 30. Qxd5 Qd8 31. Kf1 Kf8 32. Nxf7 Kxf7 33. Rxe6 Rxe6
34. Rxe6 Be7 35. Qxd8 Bxd8 36. Rxa6 Bf6 37. Rxf6+ Kxf6 38. Ke2 Ke6 39. Kd3 Kd5
40. b3 g5 41. a4 Kc6 42. axb5+ Kxb5 43. Ke4 1-0

[Event "XXI Weekend C"]
[Site "Ceriano Laghetto ITA"]
[Date "2012.03.??"]
[Round "3"]
[White "Sala, Pierluigi"]
[Black "Lamera, Giuseppe"]
[WhiteElo "1440"]
[BlackElo "1463"]
[Result "0-1"]
[PlyCount "88"]
[EventDate "2012.03.23"]

1. d4 d6 2. e4 Nf6 3. Nc3 c6 4. Nf3 Qa5 5. h3 Nxe4 6. Qd3 Nxc3 7. bxc3 g6 8.
Be2 Bg7 9. O-O Nd7 10. Bd2 Nf6 11. c4 Qc7 12. Rfe1 Bf5 13. Qb3 O-O 14. Bd3 Bxd3
15. Qxd3 Rfe8 16. Bf4 c5 17. d5 Nh5 18. Bd2 Bxa1 19. Rxa1 e5 20. Qe3 f6 21. Nh2
Qg7 22. Qf3 f5 23. g4 fxg4 24. Nxg4 Nf4 25. Rb1 b6 26. Bxf4 Rf8 27. Bxe5 dxe5
28. Qe4 Rf5 29. Rb3 Raf8 30. d6 h5 31. Qd5+ Kh7 32. d7 Rd8 33. Ne3 Rf4 34. Ng2
Rd4 35. Qf3 R8xd7 36. Ne3 Rf7 37. Qg2 Qf6 38. Nd5 Rd1+ 39. Kh2 Qxf2 40. Qxf2
Rxf2+ 41. Kg3 Rxc2 42. Nc3 Rg1+ 43. Kf3 Rh1 44. Ke4 Rxh3 0-1

[Event "XXI Weekend C"]
[Site "Ceriano Laghetto ITA"]
[Date "2012.03.??"]
[Round "4"]
[White "Agustoni, Alessandro"]
[Black "Vergano, Riccardo"]
[WhiteElo "1515"]
[BlackElo "1393"]
[Result "0-1"]
[PlyCount "52"]
[EventDate "2012.03.23"]

1. d4 Nf6 2. Nf3 d5 3. c4 c6 4. g3 Bg4 5. Bg2 e6 6. O-O Be7 7. Qc2 O-O 8. b3
Nbd7 9. Bb2 Bd6 10. Nbd2 Qb8 11. e4 e5 12. exd5 cxd5 13. dxe5 Nxe5 14. Nxe5
Bxe5 15. Bxe5 Qxe5 16. Rfe1 Qh5 17. Re7 d4 18. Bxb7 Rad8 19. Bg2 d3 20. Qc3 a5
21. Re3 Be2 22. Re5 Qh6 23. Qxa5 Ng4 24. Rh5 Qf6 25. Qf5 Qxa1+ 26. Nf1 Nf6 0-1

[Event "XXI Weekend C"]
[Site "Ceriano Laghetto ITA"]
[Date "2012.03.??"]
[Round "4"]
[White "Ciochetta, Giovanni"]
[Black "Lamera, Giuseppe"]
[WhiteElo "1550"]
[BlackElo "1463"]
[Result "0-1"]
[PlyCount "28"]
[EventDate "2012.03.23"]

1. e4 d6 2. d4 Nf6 3. Bd3 c6 4. Nf3 Qb6 5. c3 Bg4 6. h3 Bxf3 7. Qxf3 Nbd7 8.
O-O e5 9. Qe3 Be7 10. b3 O-O 11. Nd2 Nh5 12. Nc4 Qc7 13. Be2 Nf4 14. Qg3 Nxe2+
0-1

[Event "XXI Weekend C"]
[Site "Ceriano Laghetto ITA"]
[Date "2012.03.??"]
[Round "4"]
[White "Gonella, Graziano"]
[Black "Ossoli, Giuseppe"]
[WhiteElo "1231"]
[BlackElo "1485"]
[Result "0-1"]
[PlyCount "92"]
[EventDate "2012.03.23"]

1. e4 e6 2. c4 d5 3. exd5 exd5 4. Qe2+ Be6 5. cxd5 Qxd5 6. Nc3 Qa5 7. Qb5+ Qxb5
8. Nxb5 Kd7 9. Nf3 f6 10. Nbd4 Bd5 11. g3 Nc6 12. Bg2 Nxd4 13. O-O Nxf3+ 14.
Bxf3 Bxf3 15. d4 Re8 16. Bf4 Bd6 17. Be3 b6 18. a4 Ne7 19. a5 Nf5 20. axb6 axb6
21. d5 Nxe3 22. fxe3 Bxd5 23. Rad1 Bc6 24. Kf2 Re4 25. Rc1 Rhe8 26. Rfe1 R8e5
27. Rcd1 Kc8 28. Rc1 Kb7 29. Rxc6 Kxc6 30. Rc1+ Kb7 31. Rc3 Bc5 32. Rxc5 Rxc5
33. Kf3 Rb4 34. h4 Rxb2 35. Ke4 Rbc2 36. Kf3 b5 37. e4 b4 38. Kf4 b3 39. g4 b2
40. g5 fxg5+ 41. hxg5 b1=Q 42. e5 Qe1 43. g6 Qxe5+ 44. Kf3 R2c3+ 45. Kg4 R3c4+
46. Kf3 Qc3+ 0-1

[Event "XXI Weekend C"]
[Site "Ceriano Laghetto ITA"]
[Date "2012.03.??"]
[Round "4"]
[White "Kiszka Jean, Marc"]
[Black "Ruo, Valentina"]
[WhiteElo "1377"]
[BlackElo "1365"]
[Result "1-0"]
[PlyCount "135"]
[EventDate "2012.03.23"]

1. c4 c5 2. Nc3 Nc6 3. g3 g6 4. Bg2 Bg7 5. Nf3 Nf6 6. d3 b6 7. Bf4 d6 8. a3 a5
9. Qd2 Qc7 10. Bh6 O-O 11. Bxg7 Kxg7 12. O-O Bd7 13. e3 Qc8 14. Rfe1 Bh3 15.
Bh1 Rb8 16. Ng5 Bg4 17. Bg2 h6 18. Nge4 Nxe4 19. Nxe4 Ne5 20. Qc3 f6 21. Nd2
Ra8 22. d4 Nc6 23. Rf1 Bh3 24. Qd3 e5 25. d5 Bxg2 26. Kxg2 Ne7 27. Nf3 f5 28.
Qc3 Kg8 29. Rae1 Qa6 30. a4 Kh7 31. Nd2 g5 32. f4 e4 33. Rf2 g4 34. Rh1 Qb7 35.
h3 Kg6 36. hxg4 fxg4 37. Nxe4 Nf5 38. Kf1 Qg7 39. Ke1 Qxc3+ 40. Nxc3 Nxe3 41.
b3 Nf5 42. Rg1 Nd4 43. Kf1 Nxb3 44. Rb2 Nd4 45. Rxb6 Nf5 46. Kf2 Rab8 47. Rgb1
Rbc8 48. Ra6 h5 49. Rc1 h4 50. gxh4 Nxh4 51. Kg3 Kh5 52. Rh1 Rce8 53. Rxh4+ Kg6
54. Rxd6+ Kg7 55. Rxg4+ Kf7 56. Rd7+ Re7 57. Rxe7+ Kxe7 58. Rg6 Rb8 59. Nb5 Kf7
60. Rc6 Rg8+ 61. Kf3 Re8 62. Rxc5 Rb8 63. Nd6+ Ke7 64. Nb5 Rb7 65. Rc7+ Rxc7
66. Nxc7 Kd6 67. Nb5+ Kc5 68. f5 1-0